1256 1190 1960 1352 1823 1893 1304 1715 1315 1432 1654 1868 1374 1372 1683 1242 1542 1972 1644 1030 1533 1992 1335 1850 1741 1294 1657 1292 1759 1101 1522 1380 1778 1567 1675 1887 1520 1044 1584 1506 1176 1721 1963 1864 1678 1162 1309 1264 1894 1507 1427 1776 1272 1802 1715 1181 1107 1724 1916 1791 1552 1793 1495 1948 1887 1957 1849 1260 1552 1977 1369 1156 1060 1547 1468 1569 1291 1881 1418 1175 1283 1618 1863 1251 1941 1681 1387 1787 1718 1424 1672 1205 1354 1750 1914 1076 1055 1328 1573 BCNSPRNW ULIB Ver.6.0+V

เปลี่ยนเป็นภาษาไทย

Change to English
 แสดงรายละเอียดบรรณานุกรม
  กลับหน้าหลัก

Brief Record : Get Marc (ISO 2709) : E-mail record : QR code < ปิดหน้าต่าง
LEADER : 00000nam 2200000uu 4500
001    13399122456
003     ULIB
008    020711s2553 th a 000 0 tha d
020    ^a9786160800568
082 04 ^a
090    ^aรส.^ba826ช
100    ^aAlexandre Dumas
245    ^aชีวิตพลิกผันของเคานต์แห่งมองเต กรสโต /^cAlexandre Dumas
260    ^aกรุงเทพฯ :^bซีเอ็ด,^c2553
300    109 หน้า
500    ชุดอ่านอังกฤษ เก่งอังกฤษ
501    Stage 2
945    ^p130^l0^i028961
999 ^a ทศพร
รายการนี้ยังไม่มีแท็ก
คุณยังไม่ได้ล็อกอิน คุณสามารถมีกิจกรรมร่วมกับเว็บไซต์ได้ แต่ต้องล็อกอินก่อน ::
  ล็อกอิน

รายการสื่อสารสนเทศ

ลำดับที่ ประเภท เลขเรียก/บาร์โค้ด สถานที่ สถานะ
1. นวนิยาย
นวนิยาย
รส. a826ช ฉ.1 
  Barcode: 028961
ห้องสมุดวิทยาเขตสวรรค์ประชารักษ์
►นวนิยาย
บนชั้น
  ขอยืม

BibComment


ยังไม่เคยถูกคอมเมนท์

คอมเมนท์ทรัพยากรรายการนี้
  คอมเมนท์: ชีวิตพลิกผันของเ..


 Copyright 2026. Bcnsprnw @Library